[Event "Winnipeg TNT May op"]
[Site "Winnipeg"]
[Date "2018.05.29"]
[Round "5"]
[White "Chen, Jehoshua"]
[Black "Mandusic, Ante"]
[Result "0-1"]
[WhiteElo "1513"]
[BlackElo "1183"]
[PlyCount "76"]
[EventDate "2018.05.01"]
[EventType "swiss"]
[EventRounds "5"]
[EventCountry "CAN"]
[SourceTitle "EXT 2022"]
[Source "ChessBase"]
[SourceDate "2021.10.06"]
[SourceVersion "1"]
[SourceVersionDate "2021.10.06"]
[SourceQuality "1"]

1. e4 e5 2. f4 d6 3. d4 Nd7 4. Nf3 c5 5. dxe5 dxe5 6. fxe5 Be7 7. Bc4 Qc7 8. Qd5 Kd8 9. Qxf7 Nxe5 10. Qxg7 Bh4+ 11. g3 Qxg7 12. Nxe5 Qxe5 13. gxh4 Qxe4+ 14. Be2 Qxh1+ 15. Bf1 Bf5 16. Bg5+ Ne7 17. Nc3 Rf8 18. 0-0-0+ Bd7 19. Bb5 Qxd1+ 20. Kxd1 Bxb5 21. Nd5 Rf1+ 22. Kd2 Rf7 23. Bxe7+ Rxe7 24. Nxe7 Kxe7 25. Ke3 Rg8 26. Kf4 Rg2 27. b3 Rxh2 28. Kg5 Rxc2 29. h5 Rxa2 30. Kh6 Bd3 31. b4 c4 32. b5 c3 33. b6 c2 34. Kg7 c1Q 35. bxa7 Qg5+ 36. Kh8 Qxh5 37. Kg7 Rg2+ 38. Kh8 Qe8# 0-1